000 00668cam a2200193 4500
008 090427s2005 sp 000 0 spa u
020 _a8497725255
035 _aa481040
050 0 4 _aKKT762
_bP56 2005
100 1 _aPino Acosta Mérida, María del
245 1 0 _aSeguro de vida y derecho de sucesiones /
_cMaría del Pino Acosta Mérida
250 _a1a ed.
260 _aMadrid, España :
_bDykinson,
_c2005
300 _a372 páginas ;
_c21 cm.
440 0 _aMonografías de derecho civil ;
_nV ;
_pDerecho de sucesiones ;
_vNo.4
504 _aBibliografía : páginas 357-372
650 7 _aDerecho sucesorio
_zEspaña
_2Lemb
650 7 _aSeguros de vida
_2Lemb
942 _2lcc
_cLIB
999 _c147488
_d147486